Az 1849-1850. évi kivégzések

Elmentve itt :
Bibliográfiai részletek
Szerző: Hermann Róbert
Dokumentumtípus: Cikk
Megjelent: 2000
Sorozat:Aetas 15 No. 1
Kulcsszavak:Magyarország története - 1849-1850, Politikai terror - Magyarország - 1849-1857, Szabadságharc - Magyarország - 1848-1849
Online Access:http://acta.bibl.u-szeged.hu/40933
LEADER 00690nab a2200181 i 4500
001 acta40933
005 20260224081030.0
008 170719s2000 hu o 000 hun d
022 |a 0237-7934 
040 |a SZTE Egyetemi Kiadványok Repozitórium  |b hun 
041 |a hun 
100 1 |a Hermann Róbert 
245 1 3 |a Az 1849-1850. évi kivégzések  |h [elektronikus dokumentum] /  |c  Hermann Róbert 
260 |c 2000 
300 |a 82-131 
490 0 |a Aetas  |v 15 No. 1 
695 |a Magyarország története - 1849-1850, Politikai terror - Magyarország - 1849-1857, Szabadságharc - Magyarország - 1848-1849 
856 4 0 |u http://acta.bibl.u-szeged.hu/40933/1/aetas_2000_001_002_082-131.pdf  |z Dokumentum-elérés